| 000 | 00938nam a2200253 i 4500 | ||
|---|---|---|---|
| 001 | 188326 | ||
| 003 | SpMaBN | ||
| 005 | 20251214063016.0 | ||
| 008 | 180807s1974 sp |||| | cat d | ||
| 020 | _a84-7256-044-9 | ||
| 080 | _a929 Corominas, Pedro | ||
| 080 | _a946.71"19"(093.32) | ||
| 100 | 1 |
_aCorominas, Pere, _d1870-1939 _9234968 |
|
| 245 | 1 | 0 |
_aDe la Solidaritat al Catorze d'Abril _b: segon volum dels Diaris i records de Pere Coromines / _cedició a cura de Max Cahner i Joan Coromines. |
| 260 |
_aBarcelona : _bCurial, _c1974. |
||
| 300 |
_a521 p. ; _c18 cm. |
||
| 490 | 1 |
_aLa mata de jonc ; _v4 |
|
| 651 | 7 |
_aCataluña- _xHistoria- _yS.XX. _9151968 |
|
| 700 | 1 |
_aCahner, Max. _933448 |
|
| 700 | 1 |
_aCoromines, Joan, _d1905-1997 _940667 |
|
| 830 | 0 |
_aLa mata de jonc ; _v4 _9225677 |
|
| 852 |
_aES-MaACL _jL-32227 _z. - Donat. herederos de la bibl. de Mª del Pilar Costa Palacín |
||
| 999 |
_c188326 _d188326 |
||